[Event "45th Olympiad 2024"]
[Site "Budapest HUN"]
[Date "2024.09.16"]
[Round "6.26"]
[Board "1"]
[White "Bogner, Sebastian"]
[Black "Atabayev, Saparmyrat"]
[Result "1-0"]
[WhiteElo "2545"]
[BlackElo "2516"]
[PlyCount "99"]
[EventDate "2024.09.11"]
[WhiteTeam "Switzerland"]
[BlackTeam "Turkmenistan"]
[WhiteTeamCountry "SUI"]
[BlackTeamCountry "TKM"]

1. e4 e5 2. Nf3 Nc6 3. Bc4 Nf6 4. d3 Bc5 5. Nc3 O-O 6. Bg5 Be7 7. h3 ({RR} 7. a4 d6 8. O-O Kh8 9. h3 Be6 10. Re1 a6 11. Rb1 h6 12. Bxf6 Bxf6 13. Nd5 Rb8 14. b4 Bxd5 15. exd5 Ne7 16. d4 Ng6 17. dxe5 Nxe5 18. Nxe5 Bxe5 19. g3 Qd7 20. b5 Qxh3 21. Bf1 Qd7 {½-½ Kogan,A (2569)-Roiz,M (2680) Politiken Cup 30th 2008 (4)}) ({RR} 7. Qe2 Nd4 8. Nxd4 exd4 9. Bxf6 Bxf6 10. Nd5 c6 11. Nxf6+ Qxf6 12. O-O b5 13. Bb3 a5 14. a4 b4 15. f4 d6 16. g4 Qh4 17. f5 Kh8 18. Kh1 c5 19. Rg1 f6 20. Rg3 Bb7 21. Rag1 h6 {1-0 Vlassov,N (2283)-Putri,R (1863) Titled Tue 3rd Jan Early 2023 (1)}) 7... d6 8. a4 Be6 9. Bxf6 $146 ({RR} 9. O-O h6 10. Bd2 d5 11. exd5 Nxd5 12. Bb5 Ndb4 13. Re1 Nd4 14. Nxd4 exd4 15. Ne4 a6 16. Bc4 Bxc4 17. dxc4 a5 18. Ra3 f5 19. Bxh6 d3 20. Bxg7 Kxg7 21. cxd3 Nc2 22. Qxc2 Bxa3 23. bxa3 fxe4 {0-1 Rjabzev,K (2314)-Klecker,T (2206) Pardubice Czech op-A 26th 2015 (7.83)}) ({RR} 9. O-O Nxe4 10. Nxe4 d5 11. Bxe7 Qxe7 12. Bb5 dxe4 13. dxe4 Rfd8 14. Qe2 Qc5 15. c3 f6 16. Nd2 Kh8 17. Rac1 a6 18. b4 Qd6 19. Nc4 Qd7 20. Bxc6 Qxc6 21. Na5 Qb6 22. Rfd1 c5 23. Nc4 Qc6 {0-1 Bejatovic,B (2004)-Olsarova,K (2294) EU-chT (Women) 22nd 2019 (4.14)}) 9... Bxf6 10. Bxe6 fxe6 11. O-O Qe8 12. Nb5 Qd7 13. c3 Ne7 14. g3 Rf7 15. Kg2 Raf8 16. Na3 Ng6 17. Nc4 Qd8 18. Nh2 Bg5 19. Qe2 Re8 20. Na3 d5 21. Nc2 Be7 22. Ne1 a5 23. Qg4 Bc5 24. Nef3 Rf6 25. h4 Ref8 26. h5 Ne7 27. d4 exd4 28. e5 Rf5 29. cxd4 Bb6 30. Nh4 R5f7 31. Qxe6 Nc6 32. N2f3 Nxd4 33. Nxd4 Bxd4 34. f4 Re8 35. Qg4 Bxb2 36. Rab1 Bc3 37. e6 Rf6 38. f5 Bb4 39. Nf3 Qd6 40. h6 Rxh6 41. Rh1 Qc5 42. Rbc1 Qe3 43. Rxh6 Qxh6 44. Rxc7 Bd6 45. Rd7 Rc8 46. Qh4 Qc1 47. Rxd6 Rc2+ 48. Kh3 Qf1+ 49. Kg4 h6 50. Rd8+ 1-0

[Event "45th Olympiad 2024"]
[Site "Budapest HUN"]
[Date "2024.09.16"]
[Round "6.26"]
[Board "2"]
[White "Annaberdiyev, Meylis"]
[Black "Pelletier, Yannick"]
[Result "0-1"]
[WhiteElo "2431"]
[BlackElo "2526"]
[PlyCount "104"]
[EventDate "2024.09.11"]
[WhiteTeam "Turkmenistan"]
[BlackTeam "Switzerland"]
[WhiteTeamCountry "TKM"]
[BlackTeamCountry "SUI"]

1. e4 e6 2. d4 d5 3. e5 c5 4. c3 Nc6 5. Nf3 Bd7 6. Be2 Nge7 7. O-O cxd4 8. cxd4 Nf5 9. Nc3 a6 10. Bg5 Be7 11. Bxe7 Qxe7 12. Qd2 ({RR} 12. Na4 O-O 13. Rc1 Be8 14. Bd3 Nh4 15. Nxh4 Qxh4 16. f4 Nxd4 17. Nb6 Rd8 18. Bxh7+ Qxh7 19. Qxd4 Bc6 20. Rce1 Qf5 21. Re3 f6 22. g3 Rde8 23. Rfe1 Kf7 24. Na4 Rh8 25. Nc5 Rxh2 26. Kxh2 Rh8+ {½-½ Paichadze,L (2504)-Baenziger,F (2410) Arona Open 2024 (3.7)}) 12... Rc8 13. Rae1 O-O 14. Bd1 Qb4 $146 ({RR} 14... Nh4 15. Nxh4 Qxh4 16. f4 f5 17. Na4 Qd8 18. Nc5 Qc7 19. b4 Nb8 20. Be2 b6 21. Nxa6 Qc2 22. Rd1 Qa4 23. Nxb8 Rc2 24. Qe3 Rxb8 25. a3 Rbc8 26. Rc1 Qc6 27. Ra1 Rc3 28. Qd2 Rc2 29. Qe3 {1-0 Tari,A (2620)-Sipila,V (2429) 24th European Teams 2023 (4.3)}) 15. a3 Qb6 16. Ba4 Rfd8 17. Bxc6 Bxc6 18. Rb1 Be8 19. Rfd1 Rc4 20. h4 Rdc8 21. g4 Nh6 22. Qf4 Qc7 23. Ne2 f6 24. exf6 Qxf4 25. Nxf4 Nxg4 26. fxg7 Rc2 27. Ne1 Rxf2 28. Ned3 Rf3 29. Kg2 Re3 30. Rbc1 Rc4 31. b3 Rc6 32. Rxc6 Bxc6 33. Re1 Bb5 34. Rxe3 Nxe3+ 35. Kf2 Nf5 36. Nc5 Nxd4 37. a4 Be8 38. Ncxe6 Nxe6 39. Nxe6 Bd7 40. Nc5 Bc6 41. a5 Kxg7 42. Kg3 Kf6 43. Kf4 d4 44. b4 Bd5 45. Nd3 Ke6 46. Ne5 Bg2 47. h5 Kd5 48. h6 Bh1 49. Nd7 Kc4 50. Nf6 d3 51. Ke3 Kc3 52. Nxh7 d2 0-1

[Event "45th Olympiad 2024"]
[Site "Budapest HUN"]
[Date "2024.09.16"]
[Round "6.26"]
[Board "3"]
[White "Georgiadis, Nico"]
[Black "Hommadov, Amanmuhammet"]
[Result "1-0"]
[WhiteElo "2510"]
[BlackElo "2181"]
[PlyCount "83"]
[EventDate "2024.09.11"]
[WhiteTeam "Switzerland"]
[BlackTeam "Turkmenistan"]
[WhiteTeamCountry "SUI"]
[BlackTeamCountry "TKM"]

1. c4 Nf6 2. g3 g6 3. Bg2 Bg7 4. d4 O-O 5. Nc3 c6 6. e4 d6 7. h3 e5 8. Nge2 exd4 9. Nxd4 Nbd7 10. O-O Nc5 11. Re1 ({RR} 11. Be3 a5 12. Qc2 Qe7 13. Rfe1 Be6 14. Nf5 Bxf5 15. exf5 Rfe8 16. Rad1 Rad8 17. Qd2 Qc7 18. Qc2 Kh8 19. g4 Ng8 20. Bg5 Rxe1+ 21. Rxe1 Rc8 22. Be3 Re8 23. g5 gxf5 24. Qxf5 Re5 25. Qc2 Ne6 {0-1 Maksimovic,B (2486)-Djordjevic,V (2375) 9th Gligoric Cup 2023 (5.1)}) 11... a5 ({RR} 11... Nfd7 12. Be3 a5 13. Qc2 a4 14. b4 axb3 15. axb3 Rxa1 16. Rxa1 Re8 17. b4 Ne6 18. Rd1 Nxd4 19. Bxd4 Ne5 20. c5 Qe7 21. f4 Nc4 22. Bxg7 Kxg7 23. Qd3 d5 24. exd5 Qe3+ 25. Kh2 cxd5 26. Nxd5 {1-0 Relange,E (2450)-Degraeve,J (2515) FRA-ch Auxerre 1996 (3)}) 12. Bf4 Ne8 $146 ({RR} 12... Nh5 13. Be3 Ne6 14. Qd3 Qc7 15. Rad1 Rd8 16. Nde2 Bf6 17. f4 Nc5 18. Qc2 Be6 19. g4 Ng7 20. b3 Bd7 21. g5 Be7 22. Ng3 f5 23. Qf2 Re8 24. Bd4 fxe4 25. Ncxe4 Nxe4 26. Nxe4 Nf5 27. Ba1 {1-0 Peczely,S (2260)-Marton,D (1752) HUN-ch U16 Balatonlelle 2015 (7)}) ({RR} 12... Nh5 13. Be3 Re8 14. Qc2 Nf6 15. Rad1 Qe7 16. Bg5 Qc7 17. Ndb5 cxb5 18. Nxb5 Qe7 19. Nxd6 Ne6 20. Nxe8 Qxe8 21. Be3 Nd7 22. f4 b6 23. e5 Rb8 24. Bd5 Bb7 25. a3 Ndc5 26. b4 axb4 27. axb4 {1-0 Zeller,F (2356)-Micottis,D (2263) Lignano Bella Italia op 1st 2022 (5)}) 13. Be3 a4 14. Nxc6 bxc6 15. Bxc5 a3 16. Bd4 axb2 17. Rb1 Ra3 18. Re3 Bh6 19. f4 Be6 20. Rxb2 Bxc4 21. Nd5 Rxe3 22. Nxe3 Be6 23. a4 Nc7 24. Bb6 Bg7 25. Rd2 Qb8 26. a5 Nb5 27. Kh2 c5 28. Qa4 Nd4 29. Nc4 h5 30. h4 Kh7 31. Rf2 Rc8 32. f5 Bxc4 33. Qxc4 Nc6 34. Qxf7 Ne5 35. fxg6+ Kh8 36. Qf5 Ng4+ 37. Kg1 Nxf2 38. Qxh5+ Kg8 39. Qd5+ Kh8 40. Qh5+ Kg8 41. e5 Nh3+ 42. Kh2 1-0

[Event "45th Olympiad 2024"]
[Site "Budapest HUN"]
[Date "2024.09.16"]
[Round "6.26"]
[Board "4"]
[White "Shirliyev, Allayar"]
[Black "Kurmann, Oliver"]
[Result "1/2-1/2"]
[WhiteElo "2200"]
[BlackElo "2421"]
[PlyCount "106"]
[EventDate "2024.09.11"]
[WhiteTeam "Turkmenistan"]
[BlackTeam "Switzerland"]
[WhiteTeamCountry "TKM"]
[BlackTeamCountry "SUI"]

1. e4 c5 2. Nc3 e6 3. f4 d5 4. Nf3 dxe4 5. Nxe4 Nc6 6. Bb5 Bd7 7. Qe2 Nh6 ({RR} 7... Nf6 8. f5 Nxe4 9. Qxe4 Qe7 10. fxe6 Qxe6 11. Qxe6+ Bxe6 12. Ne5 Bd5 13. O-O Bd6 14. Nc4 Bxc4 15. Bxc4 O-O 16. d3 Nd4 17. Rf2 Rae8 18. Bg5 b5 19. Bb3 c4 20. dxc4 Bc5 21. Kf1 Nxb3 22. axb3 {½-½ Graif,W (2302)-Nagy,G (2450) 1000GM NY Winter GMB 2024 (7.5)}) 8. Bxc6 ({RR} 8. O-O a6 9. Bxc6 Bxc6 10. b3 Nf5 11. Bb2 Be7 12. Ne5 Rc8 13. d3 O-O 14. Rae1 Nd4 15. Qf2 Bh4 16. g3 Be7 17. c3 Nf5 18. Rd1 b6 19. g4 Nd6 20. Nxc6 Rxc6 21. Nd2 f5 22. Qg2 Qc8 {½-½ Yudasin,L (2605)-Ulybin,M (2560) Las Palmas3 1993 (2)}) 8... Bxc6 9. d3 $146 ({RR} 9. Ne5 Qc7 10. O-O Be7 11. d3 Nf5 12. Qh5 Bf6 13. Nxf6+ gxf6 14. Ng4 O-O-O 15. Nxf6 c4 16. Qe2 Qe7 17. Ne4 Rhg8 18. Be3 b6 19. b3 Qb7 20. Bf2 Rxd3 21. cxd3 cxd3 22. Qxd3 Bxe4 23. Qc3+ Kb8 {0-1 Gevorgyan,M (2255)-Nakhbayeva,G (2296) Kazakhstan Cup (Women) 2019 (5)}) ({RR} 9. Ne5 Rc8 10. d3 Nf5 11. Ng5 Rc7 12. O-O Qd5 13. c3 f6 14. Nxc6 Rxc6 15. Ne4 Be7 16. Bd2 O-O 17. Be1 Rd8 18. Rf3 Nh6 19. a3 f5 20. Nd2 Bf6 21. h3 Nf7 22. Bg3 b5 23. Re3 b4 {1-0 Lazic,M (2467)-Ernst,S (2538) Novi Sad Serbian op 2016 (6)}) 9... Be7 10. Ne5 Rc8 11. Bd2 Nf5 12. Nxc6 Rxc6 13. Bc3 O-O 14. O-O b5 15. b3 Nd4 16. Bxd4 cxd4 17. a4 b4 18. Rac1 Qc7 19. Qd1 Rc8 20. Nd2 Rxc2 21. Nc4 Rc3 22. Rb1 g6 23. Rb2 h5 24. g3 Rd8 25. Re2 Rd5 26. h3 Rf5 27. Re5 Rxe5 28. fxe5 f5 29. h4 Bf8 30. Kh2 Bh6 31. Kh3 Kh7 32. Kh2 Qg7 33. Rf2 g5 34. Qxh5 Rxd3 35. hxg5 Qxg5 36. Qf7+ Bg7 37. Kh1 Rd1+ 38. Kg2 Qh6 39. Rf1 Rxf1 40. Kxf1 d3 41. Kg2 a6 42. Qd7 d2 43. Nxd2 Qe3 44. Nc4 Qxb3 45. Qxe6 Qc2+ 46. Kh3 Qe4 47. Kh2 b3 48. Qf7 Qe2+ 49. Kh3 Qg4+ 50. Kh2 Qg6 51. Qd5 Qh5+ 52. Kg1 Qg4 53. Kf2 Qe4 1/2-1/2

[Event "45th Olympiad 2024"]
[Site "Budapest HUN"]
[Date "2024.09.16"]
[Round "6.27"]
[Board "1"]
[White "Zambrana, Osvaldo"]
[Black "Supi, Luis Paulo"]
[Result "1/2-1/2"]
[WhiteElo "2405"]
[BlackElo "2570"]
[PlyCount "164"]
[EventDate "2024.09.11"]
[WhiteTeam "Bolivia"]
[BlackTeam "Brazil"]
[WhiteTeamCountry "BOL"]
[BlackTeamCountry "BRA"]

1. e4 e5 2. Nf3 Nc6 3. Bc4 Nf6 4. d3 Bc5 5. O-O d6 6. c3 a6 7. a4 h6 8. Na3 O-O 9. Nc2 Ba7 10. Be3 Bb8 ({RR} 10... Re8 11. Bxa7 Rxa7 12. Ne3 Be6 13. Bxe6 Rxe6 14. b4 Ra8 15. Qc2 Ne7 16. Rfe1 Ng6 17. Nf5 d5 18. c4 d4 19. c5 Ne7 20. Qc4 Qd7 21. Ng3 g6 22. b5 a5 23. Qc1 Kh7 24. Nd2 Qd8 25. Rf1 {½-½ Eljanov,P (2676)-Kollars,D (2648) 2nd Munich Festival Open 2024 (9.1)}) 11. a5 $146 ({RR} 11. Re1 Ne7 12. d4 Nxe4 13. dxe5 d5 14. Bd3 Ng6 15. c4 c6 16. cxd5 cxd5 17. Bd4 Re8 18. Bxe4 dxe4 19. Rxe4 Bf5 20. Re1 Nxe5 21. Nxe5 Bxe5 22. Rxe5 Rxe5 23. Bxe5 Qxd1+ 24. Rxd1 {½-½ Vaibhav,S (2427)-Petrov,N (2583) Dubai HOC blitz op 2019 (3)}) ({RR} 11. h3 Ne7 12. a5 c6 13. Bb6 Bc7 14. Bxc7 Qxc7 15. Re1 Ng6 16. d4 Re8 17. dxe5 Nxe5 18. Nxe5 dxe5 19. Qf3 Be6 20. Ne3 Rad8 21. Bxe6 Rxe6 22. Nc4 Ne8 23. Red1 Nd6 24. Nb6 Ree8 25. Qg4 Nb5 {1-0 Safarli,E (2618)-Yankelevich,L (2472) 33rd Staufer-Open 2023 (9.5)}) 11... Ne7 12. Re1 Ng6 13. Bb3 Re8 14. Qb1 Nh5 15. Na3 Nhf4 16. Bd1 d5 17. exd5 Qxd5 18. Bxf4 Nxf4 19. d4 e4 20. Bc2 Bf5 21. Nh4 Bh7 22. f3 f5 23. g3 Nh3+ 24. Kf1 Kh8 25. Qa2 Qd7 26. Nc4 Ba7 27. Qa4 c6 28. Kg2 g5 29. Kxh3 gxh4 30. f4 Qg7 31. Bd1 hxg3 32. hxg3 h5 33. Rg1 Re6 34. Be2 Rg8 35. Ne5 Bb8 36. Qb3 Rf6 37. c4 Bxe5 38. dxe5 Rg6 39. Qc3 h4 40. e6 Qxc3 41. bxc3 hxg3 42. e7 Rh6+ 43. Kg2 Re6 44. Rad1 Rxe7 45. c5 Bg6 46. Rh1+ Rh7 47. Rxh7+ Bxh7 48. Rd7 Rg7 49. Rd8+ Rg8 50. Rd7 Rg7 51. Rd8+ Bg8 52. Rf8 Rf7 53. Rxf7 Bxf7 54. Kxg3 Kg7 55. Kf2 Kf6 56. Ke3 Bb3 57. Kd4 Ke6 58. Bh5 Kf6 59. Be2 Ke6 60. Bh5 Bc2 61. Be2 Bd3 62. Bd1 Bf1 63. Bb3+ Kf6 64. Ke3 Bg2 65. Bc4 Bh3 66. Ba2 Bg4 67. Bb3 Bf3 68. Ba2 Bg4 69. Bb3 Bh5 70. Bc4 Bg6 71. Bb3 Bf7 72. Bd1 Bg6 73. Bb3 Bf7 74. Bd1 Ba2 75. Kd4 Bb1 76. Ke3 Ba2 77. Kd4 Bf7 78. Ke3 Ba2 79. Kd4 Ke6 80. Be2 Bb3 81. Bh5 Ba4 82. Be2 Bb3 1/2-1/2

[Event "45th Olympiad 2024"]
[Site "Budapest HUN"]
[Date "2024.09.16"]
[Round "6.27"]
[Board "2"]
[White "Fier, Alexandr"]
[Black "Gemy, Jose Daniel"]
[Result "1-0"]
[WhiteElo "2551"]
[BlackElo "2315"]
[PlyCount "99"]
[EventDate "2024.09.11"]
[WhiteTeam "Brazil"]
[BlackTeam "Bolivia"]
[WhiteTeamCountry "BRA"]
[BlackTeamCountry "BOL"]

1. c4 Nf6 2. Nc3 e6 3. e4 c5 4. e5 Ng8 5. Nf3 Nc6 6. d4 cxd4 7. Nxd4 Nxe5 8. Ndb5 a6 9. Nd6+ Bxd6 10. Qxd6 f6 11. Be3 Ne7 12. Bb6 Nf5 13. Qb4 Nc6 14. Qc5 Qe7 15. O-O-O Qxc5 16. Bxc5 d6 17. Ba3 Ke7 18. Bd3 Nfd4 19. Rhe1 Rd8 20. f4 $146 ({RR} 20. Be4 Kf7 21. Bxc6 Nxc6 22. Ne4 e5 23. Nxd6+ Kg8 24. Bc5 Nd4 25. b3 b5 26. cxb5 Nxb5 27. Nxb5 Rxd1+ 28. Rxd1 axb5 29. Rd8+ Kf7 30. Kb2 Kg6 31. Kc3 Bb7 32. Rxa8 Bxa8 33. Kb4 Bc6 34. f3 Kf7 {½-½ Neuman,P (2428)-Petrik,T (2457) CZE-chT 0405 2004 (1.3)}) 20... Kf7 21. Ne4 d5 22. Nd6+ Kg8 23. b3 dxc4 24. bxc4 b5 25. Be4 b4 26. Bxb4 Nxb4 27. Rxd4 Rb8 28. a3 Nd5 29. c5 Nc7 30. Bc6 Rb3 31. Red1 e5 32. fxe5 fxe5 33. R4d3 Rb8 34. Re1 Bf5 35. Be4 Bxe4 36. Rxe4 Nb5 37. Rxe5 Nxd6 38. cxd6 Rbc8+ 39. Kb2 Rc6 40. d7 Kf7 41. Kb3 Rc7 42. Red5 Ke6 43. Rd6+ Ke7 44. Kb4 Rb7+ 45. Kc5 Rb1 46. Rd1 Rb5+ 47. Kc6 Re5 48. Kc7 a5 49. Rc6 a4 50. Rdd6 1-0

[Event "45th Olympiad 2024"]
[Site "Budapest HUN"]
[Date "2024.09.16"]
[Round "6.27"]
[Board "3"]
[White "Pinto, Daniel"]
[Black "Quintiliano, Renato R."]
[Result "0-1"]
[WhiteElo "2273"]
[BlackElo "2499"]
[PlyCount "82"]
[EventDate "2024.09.11"]
[WhiteTeam "Bolivia"]
[BlackTeam "Brazil"]
[WhiteTeamCountry "BOL"]
[BlackTeamCountry "BRA"]

1. e4 c5 2. Nf3 d6 3. c3 Nf6 4. Be2 g6 5. O-O Bg7 6. Bb5+ Nc6 7. Re1 O-O 8. h3 e5 9. d4 exd4 10. cxd4 cxd4 11. Nxd4 Nxd4 12. Qxd4 a6 $146 ({RR} 12... Be6 13. Nc3 Nd5 14. Qd3 Nxc3 15. bxc3 a6 16. Bc4 Bxc4 17. Qxc4 Rc8 18. Qd5 Bxc3 19. Bh6 Re8 20. Be3 Bxa1 21. Rxa1 Qe7 22. Rb1 Qxe4 23. Qxe4 Rxe4 24. Rxb7 Ra4 25. Rb2 Kf8 26. g4 Ke7 27. Kg2 {0-1 Silva,K (2170)-Fier,A (2573) Florianopolis op 8th 2022 (7)}) ({RR} 12... Be6 13. Nd2 Nd5 14. Qa4 Nb6 15. Qa5 a6 16. Bd3 Rc8 17. Nf3 Nc4 18. Qxd8 Rfxd8 19. Ng5 Nxb2 20. Bxb2 Bxb2 21. Nxe6 fxe6 22. Rab1 Bc3 23. Re2 b5 24. a4 bxa4 25. Ra2 a5 26. Rb7 Rb8 27. Ra7 {0-1 Rychkov,O (2333)-Shomoev,A (2574) RUS-ch Higher League 67th 2014 (7)}) ({RR} 12... Be6 13. Nc3 Nd5 14. Qxg7+ Kxg7 15. exd5 Bd7 16. Bd3 Re8 17. Be3 f5 18. Rac1 a6 19. a3 Kf7 20. Nb1 Rc8 21. Nd2 Qf6 22. Nc4 f4 23. Bb6 Rxc4 24. Bxc4 Qxb2 25. Bc7 Rxe1+ 26. Rxe1 Qc3 27. Re4 {0-1 Cominato Neto,J (2272)-Supi,L (2581) Florianopolis op 8th 2022 (4)}) 13. Ba4 Be6 14. Qd1 d5 15. e5 Ne4 16. Nd2 Bxe5 17. Nxe4 dxe4 18. Rxe4 Bg7 19. Qe2 Bd5 20. Re7 Qa5 21. Bd7 Rad8 22. Bd2 Qb6 23. Bc3 Bxc3 24. bxc3 Bxg2 25. Kxg2 Rxd7 26. Rxd7 Qc6+ 27. Qf3 Qxd7 28. Rd1 Qc7 29. Rb1 b5 30. Qf6 Qb7+ 31. Kg1 Qc8 32. Kg2 Qc4 33. Rb2 Qd5+ 34. Kg1 Re8 35. Qd4 Re1+ 36. Kh2 Qh1+ 37. Kg3 Rg1+ 38. Kf4 Qxh3 39. Qd8+ Kg7 40. Qd4+ f6 41. f3 Re1 0-1

[Event "45th Olympiad 2024"]
[Site "Budapest HUN"]
[Date "2024.09.16"]
[Round "6.27"]
[Board "4"]
[White "Di Berardino, Diego Rafael"]
[Black "Montevilla Cahuasa, Jonathan I."]
[Result "1/2-1/2"]
[WhiteElo "2472"]
[BlackElo "2064"]
[PlyCount "248"]
[EventDate "2024.09.11"]
[WhiteTeam "Brazil"]
[BlackTeam "Bolivia"]
[WhiteTeamCountry "BRA"]
[BlackTeamCountry "BOL"]

1. d4 Nf6 2. c4 e6 3. Nf3 Bb4+ 4. Bd2 Qe7 5. g3 Bxd2+ 6. Qxd2 Nc6 7. Nc3 d5 8. Bg2 dxc4 9. Ne5 Nxe5 10. dxe5 Nd7 11. Qd4 O-O 12. O-O Nb6 13. Rfd1 Rb8 14. a4 a5 15. Nb5 Bd7 16. Nxc7 Bxa4 $146 ({RR} 16... Qb4 17. Nb5 Bxb5 18. Qxb6 Ba6 19. Qd4 g6 20. h4 Rbc8 21. h5 Qe7 22. Qc3 Qb4 23. Qf3 Qe7 24. Rd6 Qg5 25. hxg6 hxg6 26. Qc3 Rc5 27. f4 Qe7 28. Rad1 Qc7 29. Rd7 Qb6 30. Qd4 Qb4 31. Qd6 {½-½ Spalir,J (2285)-Tratar,M (2480) Wolfsberg op 2013 (2)}) ({RR} 16... Qb4 17. Nb5 Bxb5 18. axb5 Qxb5 19. Ra3 g6 20. Qc3 a4 21. g4 Rfd8 22. Rd4 Kg7 23. f4 Qc5 24. e3 Qe7 25. Qa5 Qc7 26. f5 exf5 27. gxf5 gxf5 28. Qd2 Re8 29. Rd6 Rxe5 30. Qd4 Rbe8 31. Rxb6 {1-0 Unuk,L (2168)-Kolaric,S (2087) SLO-ch (Women) 2015 (3)}) 17. Qd6 Qd7 18. Qxd7 Bxd7 19. Rd6 Rfc8 20. Rxb6 Rxc7 21. Rxa5 g6 22. Ra7 Bc6 23. Bxc6 Rxc6 24. Rbxb7 Rxb7 25. Rxb7 c3 26. bxc3 Rxc3 27. f4 h5 28. Kf2 Kg7 29. Rd7 Ra3 30. Rd3 Ra1 31. h3 Ra4 32. Kf3 Ra1 33. g4 hxg4+ 34. hxg4 Rf1+ 35. Kg3 Rg1+ 36. Kh3 Re1 37. Rd2 Rf1 38. Kg3 Rg1+ 39. Kf3 Rf1+ 40. Ke4 Rg1 41. Kf3 Rf1+ 42. Kg3 Rg1+ 43. Kh3 Rf1 44. Rd4 Re1 45. Re4 Rg1 46. Re3 Rf1 47. Rf3 Re1 48. Rf2 Ra1 49. Kg3 Ra3+ 50. Rf3 Ra2 51. Kf2 Ra4 52. Kg3 Ra2 53. Re3 Ra1 54. Re4 Ra3+ 55. Kf2 Rb3 56. Ra4 Rb5 57. Ra7 g5 58. e3 gxf4 59. exf4 Rb2+ 60. Kg3 Rb3+ 61. Kh4 Rf3 62. Kg5 Re3 63. Ra5 Re1 64. Ra3 Re2 65. Kh4 Re1 66. Ra4 Re3 67. Rc4 Kg6 68. Rc6 Kg7 69. Ra6 Kh6 70. Ra8 Kg7 71. Kg5 Re1 72. Ra5 Re3 73. Ra1 Re2 74. Rf1 Re4 75. Rf3 Re1 76. Kh4 Rh1+ 77. Rh3 Rg1 78. Re3 Kg6 79. Rf3 Kg7 80. Rf2 Ra1 81. Kg3 Ra3+ 82. Rf3 Ra5 83. Re3 Kg6 84. Kf3 Ra1 85. Kg2 Ra2+ 86. Kg3 Ra1 87. Rc3 Rg1+ 88. Kh3 Rf1 89. Rc4 Rf3+ 90. Kg2 Ra3 91. Rc6 Kg7 92. Rd6 Re3 93. Kf2 Re4 94. Kf3 Re1 95. Ra6 Kh7 96. Rb6 Kg7 97. Rb8 Kh7 98. Kf2 Re4 99. Kg3 Kg7 100. Rb1 Re3+ 101. Kf2 Ra3 102. Rb5 Ra2+ 103. Kg3 Ra3+ 104. Kh4 Rf3 105. Kg5 Re3 106. f5 exf5 107. Kxf5 Rf3+ 108. Kg5 Re3 109. Kf4 Ra3 110. Rb7 Ra6 111. Kf5 Re6 112. Rd7 Rb6 113. Rd5 Rb1 114. Rd7 Rb6 115. Rd6 Rb1 116. e6 fxe6+ 117. Rxe6 Rb5+ 118. Kf4 Ra5 119. Kg3 Rb5 120. Ra6 Rc5 121. Kh4 Rb5 122. g5 Rb1 123. Ra7+ Kg6 124. Ra6+ Kg7 1/2-1/2

[Event "45th Olympiad 2024"]
[Site "Budapest HUN"]
[Date "2024.09.16"]
[Round "6.28"]
[Board "1"]
[White "Grandelius, Nils"]
[Black "Salem, A.R. Saleh"]
[Result "1/2-1/2"]
[WhiteElo "2653"]
[BlackElo "2631"]
[PlyCount "174"]
[EventDate "2024.09.11"]
[WhiteTeam "Sweden"]
[BlackTeam "United Arab Emirates"]
[WhiteTeamCountry "SWE"]
[BlackTeamCountry "UAE"]

1. d4 Nf6 2. c4 g6 3. Nc3 Bg7 4. e4 d6 5. Be2 O-O 6. Be3 Na6 7. h4 e5 8. d5 Nc5 9. Qc2 c6 10. h5 cxd5 11. cxd5 Qa5 12. h6 Bh8 13. f3 Bd7 14. Rb1 Na4 15. Qd2 Nxc3 16. bxc3 Qc7 17. c4 ({RR} 17. g4 Bc8 18. Nh3 Nd7 19. Nf2 Bf6 20. O-O Be7 21. Kh2 Nc5 22. Nd3 b6 23. Nxc5 bxc5 24. f4 exf4 25. Bxf4 Bd7 26. c4 Rab8 27. Qc3 f6 28. Rb3 Rb6 29. g5 Rf7 30. Bc1 Qd8 31. Bb2 Qf8 {1-0 Nakamura,H (2736)-Grischuk,A (2764) Berlin FIDE GP 1 Pool-A 2022 (5)}) ({RR} 17. g4 b6 18. Nh3 Ne8 19. Bd3 Bf6 20. O-O Be7 21. Kh2 Qc8 22. Rg1 Nc7 23. Qe2 Kh8 24. Rbf1 Ne8 25. c4 Nc7 26. f4 Na6 27. fxe5 dxe5 28. Qf3 f6 29. Rc1 Bc5 30. Nf2 Bxe3 31. Qxe3 Qc5 {1-0 Weishaeutel,M (2378)-Muradli,M (2555) GRENKE Chess Open 2024 (6.25)}) 17... Bc8 $146 ({RR} 17... b6 18. g4 Bc8 19. Nh3 Nd7 20. Nf2 Nc5 21. Nd3 Bf6 22. Nxc5 bxc5 23. O-O Bd7 24. Rb3 Rab8 25. Rfb1 Rb6 26. g5 Bd8 27. f4 f6 28. Rf1 Be7 29. gxf6 Bxf6 30. fxe5 Bxe5 31. Rxf8+ Kxf8 32. Bf4 {½-½ Eljanov,P (2676)-Demchenko,A (2679) Bundesliga 1819 2018 (7.1)}) 18. g4 Nd7 19. Nh3 Bf6 20. Nf2 Bd8 21. Nd3 Qa5 22. Kf2 Qxd2 23. Bxd2 Bb6+ 24. Be3 f5 25. gxf5 gxf5 26. Bxb6 axb6 27. Ke3 Rxa2 28. Ra1 f4+ 29. Kf2 Rxa1 30. Rxa1 Kf7 31. Bf1 Ke7 32. Bh3 Nf6 33. Bxc8 Rxc8 34. Ra4 Kd7 35. Rb4 Kc7 36. Nb2 Nd7 37. Ra4 Rg8 38. Ra1 Rg6 39. Na4 Rxh6 40. Nc3 Nc5 41. Nb5+ Kd7 42. Ra8 Rg6 43. Rh8 h6 44. Na7 Nd3+ 45. Ke2 Nb2 46. Rh7+ Ke8 47. Rxb7 Rg2+ 48. Kf1 Rc2 49. Nb5 Nxc4 50. Rh7 Rb2 51. Nc7+ Kf8 52. Rxh6 Nd2+ 53. Ke2 Nxe4+ 54. Kd1 Kg7 55. Re6 Ng5 56. Rxd6 Nxf3 57. Re6 Kf7 58. Kc1 Rb3 59. d6 Rd3 60. Re7+ Kf6 61. Ne8+ Kf5 62. d7 Ng5 63. Kc2 Rd4 64. Rg7 f3 65. Nc7 f2 66. Rxg5+ Kxg5 67. Ne6+ Kg4 68. Nxd4 f1=Q 69. d8=Q Qc4+ 70. Kd2 exd4 71. Qxb6 Qc3+ 72. Kd1 Qd3+ 73. Ke1 Qe4+ 74. Kd2 Qf4+ 75. Ke2 Qe5+ 76. Kd2 Qe3+ 77. Kd1 Qe4 78. Kd2 Qf4+ 79. Ke2 Qe5+ 80. Kd2 Qh2+ 81. Kd1 Qg1+ 82. Kd2 Qf2+ 83. Kd1 Qf3+ 84. Kd2 Qc3+ 85. Kd1 Qd3+ 86. Ke1 Qe3+ 87. Kd1 Qd3+ 1/2-1/2